犬機関車を飼う時の注意点サドンデス - Statistics

General Stats
  • This quiz has been taken 12 times
  • The average score is 4 of 6
Answers on the Grid
Answers color-coded by a green-red scale on the quiz's grid according to % correct below.
高そう
安そう
実在しない
実在する
ブロッコリー生えた犬とかの方が欲しい
ブロッコリー生えた犬もいない
カリフラワー生えた犬とかの方が欲しい
いたら高そうだけどいない
エッチガニ
カリフラワー生えた犬もいない
信頼してるぞって言う
実在しないから飼えない
あたたかい部屋
実は防御が強い
ごちそう
Dancing Gyoza 欲
ナオヤ(面倒見のいい)
いい感じ
全く関係ないけど家系図にいることを許されてる虫
萎んでて欲しい
砂になって消える
泣く
結局、駅でなんでも揃うのよ
マヨコーン
飲み会で急に寂しそうな顔をする
急に叫ぶ
返したイヤホンに耳くそが付いてる
今私が使ってる動画編集アプリに入ってた変な音
コンビニでこうくる人
 
Answer Stats
Answer % Correct
高そう
89%
実在しない
78%
ブロッコリー生えた犬もいない
78%
実在しないから飼えない
67%
ブロッコリー生えた犬とかの方が欲しい
56%
いたら高そうだけどいない
56%
No matching quizzes found
Score Distribution
Percent of People with Each Score
Percentile by Number Answered
Your Score History
You have not taken this quiz